All Scuderia Ferrari F1 Drivers - Statistics

General Stats
  • This quiz has been taken 904 times
  • The average score is 27 of 76
Answer Stats
Years Nationality Driver % Correct
2015-present German Sebastian Vettel
98%
2010-2014 Spanish Fernando Alonso
95%
2007-2009, 2014-present Finnish Kimi Räikkönen
95%
1996-2006 German Michael Schumacher
95%
2006-2013 Brazilian Felipe Massa
93%
1974-1977 Austrian Niki Lauda
86%
1990-1991 French Alain Prost
83%
1956 Argentine Juan Manuel Fangio
83%
2000-2005 Brazilian Rubens Barrichello
82%
1950-1953, 1954 Italian Alberto Ascari
78%
1952-1955 Italian Giuseppe Farina
75%
1996-1999 British Eddie Irvine
71%
1989-1990 British Nigel Mansell
69%
1977-1982 Canadian Gilles Villeneuve
68%
1987-1989, 1993-1995 Austrian Gerhard Berger
67%
1979-1980 South African Jody Scheckter
65%
2009 Italian Giancarlo Fisichella
64%
1991-1995 French Jean Alesi
64%
1958-1962 American Phil Hill
63%
1968, 1970-1973 Belgian Jacky Ickx
58%
1970-1972, 1974-1976 Swiss Clay Regazzoni
57%
1999 Finnish Mika Salo
57%
1976-1978 Argentine Carlos Reutemann
51%
1953-1955, 1957-1958 British Mike Hawthorn
51%
1963-1966 British John Surtees
49%
1984-1988 Italian Michele Alboreto
48%
1983-1985 French René Arnoux
46%
2009 Italian Luca Badoer
45%
1969 Mexican Pedro Rodríguez
44%
1961-1962 Mexican Ricardo Rodríguez
44%
1981-1982 French Didier Pironi
42%
1956-1961 German Wolfgang von Trips
36%
1985-1986 Swedish Stefan Johansson
35%
1951, 1954-1955, 1957, 1960 Argentine José Froilán González
34%
1982-1983 French Patrick Tambay
32%
1967-1969 New Zealand Chris Amon
27%
1962-1967 Italian Lorenzo Bandini
27%
1992 Italian Ivan Capelli
26%
1992, 1994 Italian Nicola Larini
26%
1956-1958 British Peter Collins
26%
1959 British Tony Brooks
26%
1959 American Dan Gurney
25%
1956-1958 Italian Luigi Musso
25%
1954-55, 1957 French Maurice Trintignant
23%
1962 Italian Giancarlo Baghetti
20%
1991 Italian Gianni Morbidelli
20%
1951-1955 Italian Piero Taruffi
20%
1963-1967 Italian Ludovico Scarfiotti
18%
1960-1961 American Richie Ginther
17%
1959 French Jean Behra
14%
1956-1957 Spanish Alfonso de Portago
13%
1955-1957 Italian Eugenio Castellotti
13%
1950-1953 Italian Luigi Villoresi
11%
1972-1973 Italian Arturo Merzario
10%
1956-1961 Belgian Olivier Gendebien
8%
1955 American Harry Schell
7%
1966-1967 British Mike Parkes
7%
1955-1956 Belgian Paul Frère
7%
1970 Italian Ignazio Giunti
6%
1960-1963 Belgian Willy Mairesse
6%
1968 Italian Andrea de Adamich
5%
1968 British Derek Bell
5%
1950 Italian Dorino Serafini
5%
1972 Italian Nanni Galli
5%
1950 French Raymond Sommer
5%
1954 French Robert Manzon
5%
1953-1955 Italian Umberto Maglioli
5%
1957 Italian Cesare Perdisa
4%
1959-1960 British Cliff Allison
4%
1956 Belgian André Pilette
3%
1952 French André Simon
3%
1967 British Jonathan Williams
3%
1965 Italian Nino Vaccarella
3%
1965 American Bob Bondurant
2%
1952-1953 Italian Piero Carini
2%
1950 Italian Clemente Biondetti
1%
No matching quizzes found
Score Distribution
Percent of People with Each Score
Percentile by Number Answered
Your Score History
You have not taken this quiz